Normal view
MARC view
- Mertes Raffaele
Entry Personal Name
001 - CONTROL NUMBER
- control field: 40968
003 - CONTROL NUMBER IDENTIFIER
- control field: IT-RoPau
005 - DATE AND TIME OF LATEST TRANSACTION
- control field: 20151126160741.0
008 - FIXED-LENGTH DATA ELEMENTS
- fixed length control field: 151126|| aca||aabn | a|a d
040 ## - CATALOGING SOURCE
- Original cataloging agency: IT-RoPau
- Transcribing agency: IT-RoPau
100 ## - HEADING--PERSONAL NAME
- Personal name: Mertes Raffaele
- Relator term: (regista)
- Miscellaneous information: Codice regista SPICS: 58057
670 ## - SOURCE DATA FOUND
- Source citation: Work cat.: (IT-RoPau)105359: Mertes Raffaele Codice regista SPICS: 58057 40964, SAN GIOVANNI - L'APOCALISSE SAN GIOVANNI - L'APOCALISSE (Rif. Codice opera principale : H5810)